00000000cam 2200000zi 4500
0019.960072
003CaOODSP
00520260512144423
006m     o  d f      
007cr cn ||||||||
008260217t20262026oncabd  obs  f000 0 eng d
020 |a9780660984957
040 |aCaOODSP|beng|erda|cCaOODSP
043 |an-cn---
0861 |aA59-125/2026E-PDF
1001 |aLapen, D., |eauthor.
24510|aParticulate matter indicator.
264 1|a[Ottawa] : |bAgriculture and Agri-Food Canada = Agriculture et agroalimentaire Canada, |c[2026]
264 4|c©2026
300 |a1 online resource (ii, 18 pages) : |billustrations, maps, graphs
336 |atext|btxt|2rdacontent
337 |acomputer|bc|2rdamedia
338 |aonline resource|bcr|2rdacarrier
500 |aIssued also in French under title: Indicateur des émissions de particules.
500 |a"Agri-environmental indicators report."
500 |a"The environmental sustainability of Canadian agriculture, census year 2021."
500 |a"Agri-environmental indicators report, census year 2021"--Verso of cover.
500 |a"Status: national coverage, 1981-2021"--Verso of cover.
500 |a"Authors: D. Lapen, S. Hamalainen, D. MacDonald, and Martin, T. "--Verso of cover.
500 |a"AAFC no.: 13346E"--Verso of cover.
504 |aIncludes bibliographical references (page 18).
650 0|aParticulate matter|xEnvironmental aspects|zCanada.
650 0|aParticulate matter|zCanada|vStatistics.
655 7|aStatistics|2lcgft
7101 |aCanada. |bAgriculture and Agri-Food Canada, |eissuing body.
77508|tIndicateur des émissions de particules.|w(CaOODSP)9.960071
85640|qPDF|s2.70 MB|uhttps://publications.gc.ca/collections/collection_2026/aac-aafc/A59-125-2026-eng.pdf
986 |a13346E